| 000 | 01115cam a22002897a 4500 | ||
|---|---|---|---|
| 003 | MX-MxUPN | ||
| 005 | 20240305063636.0 | ||
| 008 | 240223s2023 mx|a|||br|||| 000 0 spa d | ||
| 020 | _a9786075519586 | ||
| 040 |
_aMX-MxUPN _bspa |
||
| 050 | 4 |
_aLB1027.43 M64 _bA95 2023 |
|
| 245 | 0 | 0 |
_aProyectos de aula : _bcuarto grado |
| 250 | _aPrimera edición | ||
| 260 |
_aMéxico, D.F. : _bSecretaría de Educación Pública, Dirección General de Materiales Educativos , _c2023 |
||
| 300 |
_a357 páginas : _bilustraciones a color, fotografías |
||
| 650 | 4 |
_927842 _aAprendizaje basado en proyectos |
|
| 650 | 4 |
_aNueva Escuela Mexicana _951254 |
|
| 650 | 4 |
_97402 _aCiencia _xEstudio y enseñanza (Elemental) |
|
| 650 | 4 |
_92812 _aCiencias naturales _xEstudio y enseñanza (Elemental) |
|
| 650 | 4 |
_92807 _aCivismo _xEstudio y enseñanza (Elemental) |
|
| 650 | 4 |
_951255 _aCiencia _vLibros de texto |
|
| 650 | 4 |
_910151 _aCiencias naturales _vLibros de texto |
|
| 650 | 4 |
_944490 _aCivismo _vLibros de texto |
|
| 902 |
_aGCH230224 _bVíctorGodínez/010324 |
||
| 942 |
_2lcc _cLIBRO |
||
| 999 |
_c211072 _d211072 |
||